Richest Countries (GDP PPP) - Statistics

General Stats
  • This quiz has been taken 219 times
  • The average score is 22 of 25
Answer Stats
Answer % Correct
$19,417 billion USA
100%
$23,194 billion China
99%
$2,833 billion France
98%
$2,905 billion UK
98%
$4,134 billion Germany
97%
$4,134 billion Japan
97%
$9,489 billion India
96%
$3,938 billion Russia
95%
$2,303 billion Italy
94%
$3,216 billion Brazil
93%
$1,251 billion Australia
92%
$1,753 billion Canada
92%
$2,406 billion Mexico
91%
$2,030 billion South Korea
90%
$1,769 billion Spain
89%
$3,257 billion Indonesia
88%
$2,082 billion Turkey
85%
$1,796 billion Saudi Arabia
84%
$1,198 billion Egypt
78%
$1,535 billion Iran
78%
$1,125 billion Nigeria
72%
$1,060 billion Pakistan
68%
$1,114 billion Poland
67%
$1,226 billion Thailand
67%
$1,177 billion Taiwan
57%
No matching quizzes found
Score Distribution
Percent of People with Each Score
Percentile by Number Answered
Your Score History
You have not taken this quiz